01009nam a22002415i 4500001000700000003000900007005001700016008004100033040003000074100003000104245015700134250006000291260007300351300003100424490005800455650003300513700003300546700004900579752002000628752002300648830005800671852003800729157480ES-MaACL20250721193131.0021022s1878 it |||| | ita d aCCPB | B bspa cCCPB | B1 aLeidesdorf, Massimiliano.10aTrattato delle malattie mentali / cdel dott. Massimiliano Leidesdorf ; tradusse liberamente dal tedesco ... il dott. Francesco barone Ungern Sternberg. aEd. originale italiana ... / dal dott. Maurizio Schiff. aRoma [etc.] : bErmanno Loescher, c1878 (eTorino : fTip. V. Bona) aVI, [2], 712 p. ; c20 cm.1 aBiblioteca dello studente e del medico pratico ; v12 7aEnfermedades mentales2embne11aSchiff, Maurizio, eed. lit.21aUngern Sternberg, Frank c, Barón, etrad. aItalia - dRoma aItalia - dTurín0 aBiblioteca dello studente e del medico pratico ; v12 aES-MaACLjF-12510 z-- Enc. pasta